| Tag |
First Indicator |
Second Indicator |
Subfields |
| LEADER |
00000cam a2200000 4500 |
| 001 |
in00000238564 |
| 005 |
20151221104722.0 |
| 008 |
711202s1971 nyu b 00100 eng |
| 010 |
|
|
|a 74148732
|
| 020 |
|
|
|a 080760609X
|c $7.95
|
| 035 |
|
|
|a (OCoLC)00213506
|
| 035 |
|
|
|9 ABB2545AM
|
| 040 |
|
|
|a DLC
|c DLC
|d TXA
|d UtOrBLW
|
| 043 |
|
|
|a n-us---
|
| 049 |
|
|
|a TXAM
|c 1 [1203624]
|c 2 [1204134]
|
| 050 |
0 |
0 |
|a E169.12
|b .A38 1971
|
| 082 |
0 |
|
|a 320.2/0973
|
| 110 |
2 |
|
|a American Academy of Arts and Sciences.
|b Commission on the Year 2000.
|
| 245 |
1 |
4 |
|a The future of the United States government toward the year 2000 ;
|b a report /
|c Edited by Harvey S. Perloff. Prefaced by Daniel Bell.
|
| 264 |
|
1 |
|a New York :
|b G. Braziller,
|c [1971]
|
| 300 |
|
|
|a xxv, 388 pages ;
|c 22 cm.
|
| 336 |
|
|
|a text
|b txt
|2 rdacontent
|
| 337 |
|
|
|a unmediated
|b n
|2 rdamedia
|
| 338 |
|
|
|a volume
|b nc
|2 rdacarrier
|
| 504 |
|
|
|a Includes bibliographical references.
|
| 650 |
|
0 |
|a Twentieth century
|v Forecasts.
|
| 651 |
|
0 |
|a United States
|x Civilization
|y 1970-
|
| 651 |
|
0 |
|a United States
|x Politics and government
|y 1945-1953.
|
| 651 |
|
0 |
|a United States
|x Social conditions
|y 1960-1980.
|
| 651 |
|
0 |
|a United States
|x Politics and government
|y 1945-1989.
|
| 700 |
1 |
|
|a Perloff, Harvey S.
|
| 999 |
|
|
|a MARS
|
| 999 |
f |
f |
|s 5349f2e8-5928-3b3b-9c34-9e032af55db7
|i ee8b3c37-16ee-3a20-8a03-3d1dd1595253
|t 0
|
| 952 |
f |
f |
|p ric
|a Texas A&M University
|b Rellis Campus
|c Joint Library Facility
|d Remote Storage
|t 0
|e E169.12 .A38 1971
|h Library of Congress classification
|i unmediated -- volume
|m A14802158107
|
| 998 |
f |
f |
|a E169.12 .A38 1971
|t 0
|l Remote Storage
|